Principales características del Indice de precios al consumidor /
| Autor kompanije: | |
|---|---|
| Format: | Knjiga |
| Jezik: | španjolski |
| Izdano: |
Costa Rica :
INEC,
2006
|
| Teme: |
MARC
| LEADER | 00000nam a2200000Ia 4500 | ||
|---|---|---|---|
| 008 | 180904b2006 cr ||||| |||| 00| u spa d | ||
| 999 | |c 2043 |d 2043 | ||
| 090 | |a 09.02.01 |b 1701 | ||
| 110 | |a Costa Rica. Instituto Nacional de Estadística y Censos |9 546 | ||
| 245 | 1 | 0 | |a Principales características del Indice de precios al consumidor / |c Instituto Nacional de Estadística y Censos |
| 260 | |a Costa Rica : |b INEC, |c 2006 | ||
| 300 | |a 24 páginas. | ||
| 650 | 1 | 4 | |a PRECIOS AL CONSUMIDOR |9 4179 |
| 650 | 1 | 4 | |a COSTO DE LA VIDA |9 4180 |
| 942 | |i 003326 |h 09.02.01 1701 |2 z |c 01 | ||
